| 000 | 01284nam a2200313Ia 4500 | ||
|---|---|---|---|
| 001 | ebr10317820 | ||
| 003 | CaPaEBR | ||
| 006 | m u | ||
| 007 | cr cn||||||||| | ||
| 008 | 921119s1993 enkab sb 001 0 eng d | ||
| 010 | _z 92044341 | ||
| 020 | _z9780632034338 | ||
| 020 | _z0632034335 | ||
| 040 |
_aCaPaEBR _cCaPaEBR |
||
| 035 | _a(OCoLC)441391588 | ||
| 050 | 1 | 4 |
_aQE515 _b.E44 1993eb |
| 100 | 1 | _aEmery, Dominic. | |
| 245 | 1 | 0 |
_aInorganic geochemistry _h[electronic resource] : _bapplications to petroleum geology / _cDominic Emery & Andrew Robinson, with contributions from Andrew Aplin & Craig Smalley. |
| 260 |
_aOxford ; _aBoston : _bBlackwell Scientific Publications, _c1993. |
||
| 300 |
_aix, 254 p. : _bill., maps. |
||
| 504 | _aIncludes bibliographical references and index. | ||
| 533 |
_aElectronic reproduction. _bPalo Alto, Calif. : _cebrary, _d2009. _nAvailable via World Wide Web. _nAccess may be limited to ebrary affiliated libraries. |
||
| 650 | 0 | _aGeochemistry. | |
| 650 | 0 |
_aPetroleum _xGeology. |
|
| 655 | 7 |
_aElectronic books. _2local |
|
| 700 | 1 |
_aRobinson, A. G. _q(Andrew G.) |
|
| 710 | 2 | _aebrary, Inc. | |
| 856 | 4 | 0 |
_uhttp://site.ebrary.com/lib/rucke/Doc?id=10317820 _zAn electronic book accessible through the World Wide Web; click to view |
| 999 |
_c58602 _d58602 |
||